| 000 | 00814nam a2200193 i 4500 | ||
|---|---|---|---|
| 001 | 156444 | ||
| 003 | ES-MaACL | ||
| 005 | 20230906210417.0 | ||
| 008 | 040730s1878 fr |||| | fre d | ||
| 040 |
_aCAM _bspa _cCAM |
||
| 100 | 1 |
_aJouaneton, Emile. _9128361 |
|
| 245 | 1 | 0 |
_aNotice sur la source arsenicale de Salies et les diverses préparations pharmaceutiques aux sels naturels de Salies / _cpar Emile Jouaneton. |
| 260 |
_aBagnères-de-Bigorre : _bImprimerie & Librairie D.-L- Péré, _c1878. |
||
| 300 |
_a35 p. ; _c14 cm. |
||
| 594 | _aPrecede al tít.: Thermes de Bagnères-de-Bigorre. | ||
| 650 | 0 | 4 |
_aAguas minerales- _zFrancia. _9135524 |
| 650 | 4 |
_aBalnearios- _zBagnères-de-Bigorre. _9135663 |
|
| 852 |
_aES-MaACL _jT-483-F-7 _z-- Enc. hol., falto de la cub. original _z-- Enc. en un vol. facticio |
||
| 999 |
_c156444 _d156444 |
||